[Event "ITA-ch U16"]
[White "Maresco, Diego"]
[Black "Casadio, Niccolo"]
[Site "Salsomaggiore Terme"]
[Round "2"]
[Result "0-1"]
[Date "2019.07.08"]
[WhiteElo "1570"]
[BlackElo "2024"]
[PlyCount "90"]
[EventDate "2019.07.07"]
[EventType "swiss"]
[EventRounds "9"]
[EventCountry "ITA"]
[SourceTitle "EXT 2020"]
[Source "ChessBase"]
[SourceDate "2019.10.17"]
[SourceVersion "1"]
[SourceVersionDate "2019.10.17"]
[SourceQuality "1"]

1. d4 e6 2. g3 Nf6 3. Bg2 d5 4. Nf3 Be7 5. 0-0 0-0 6. c4 dxc4 7. Ne5 Nc6 8. Nxc6 bxc6 9. Na3 Bxa3 10. bxa3 Rb8 11. a4 Nd5 12. Ba3 Re8 13. Qc2 Ba6 14. Rfd1 Qf6 15. e4 Nb4 16. Bxb4 Rxb4 17. e5 Qg6 18. Be4 Qh5 19. Bxc6 Reb8 20. Rab1 Rb2 21. Rxb2 Rxb2 22. Rb1 c3 23. Rxb2 cxb2 24. f3 Qh6 25. Qxb2 Qe3+ 26. Kg2 h5 27. Be4 g6 28. Qf2 Qa3 29. Bc6 Qb4 30. Kg1 Qc4 31. Bb5 Bxb5 32. axb5 Qxb5 33. Kg2 a5 34. Qf1 Qb2+ 35. Qf2 Qc3 36. Kh3 a4 37. Kg2 a3 38. Kh3 Kf8 39. Qe2 Kg7 40. Qe4 Qc4 41. Qf4 Kg8 42. Qf6 Qxd4 43. Qe7 c5 44. Qe8+ Kg7 45. Qe7 Qxe5 0-1